书目信息 |
| 题名: |
500强企业财务分析实务
|
|
| 作者: | 李燕翔 著 | |
| 分册: | ||
| 出版信息: | 北京 机械工业出版社 2021.03 |
|
| 页数: | XII, 351页 | |
| 开本: | 23cm | |
| 丛书名: | ||
| 单 册: | ||
| 中图分类: | F275.2 | |
| 科图分类: | ||
| 主题词: | 企业管理--qi ye guan li--会计分析 | |
| 电子资源: | ||
| ISBN: | 978-7-111-67559-4 | |
| 000 | 01145nam0 2200277 450 | |
| 001 | 202021194709 | |
| 005 | 20211025120147.0 | |
| 010 | @a978-7-111-67559-4@dCNY79.00 | |
| 100 | @a20211005d2021 em y0chiy50 ea | |
| 101 | 0 | @achi |
| 102 | @aCN@b110000 | |
| 105 | @aa a 000yy | |
| 106 | @ar | |
| 200 | 1 | @a500强企业财务分析实务@A500qiang qi ye cai wu fen xi shi wu@e一切为经营管理服务@f李燕翔著 |
| 205 | @a第2版 | |
| 210 | @a北京@c机械工业出版社@d2021.03 | |
| 215 | @aXII, 351页@c图@d23cm | |
| 300 | @a华章经管 | |
| 314 | @a李燕翔, 美国注册管理会计师 (CMA)。 | |
| 330 | @a本书的基调是为企业内部经营管理决策提供支持, 因此每一章都手把手介绍财务人员应如何基于财务报表, 又能大幅跳出财务报表的框架, 深入了解业务运营, 成为领导和其他部门的业务伙伴。书中的案例、图表和分析方法, 主要来自作者在外资企业的工作积累, 以及在从事财务管理咨询工作中参与或调研的大型集团企业财务分析与报告实践。 | |
| 517 | 1 | @a一切为经营管理服务@Ayi qie wei jing ying guan li fu wu |
| 606 | 0 | @a企业管理@Aqi ye guan li@x会计分析 |
| 690 | @aF275.2@v5 | |
| 701 | 0 | @a李燕翔@Ali yan xiang@4著 |
| 801 | 0 | @aCN@c20210909 |
| 905 | @a河南城建学院图书馆@dF275.2@eL317 | |
| 500强企业财务分析实务:一切为经营管理服务/李燕翔著.-第2版.-北京:机械工业出版社,2021.03 |
| XII, 351页:图;23cm |
| 华章经管 |
| ISBN 978-7-111-67559-4:CNY79.00 |
| 本书的基调是为企业内部经营管理决策提供支持, 因此每一章都手把手介绍财务人员应如何基于财务报表, 又能大幅跳出财务报表的框架, 深入了解业务运营, 成为领导和其他部门的业务伙伴。书中的案例、图表和分析方法, 主要来自作者在外资企业的工作积累, 以及在从事财务管理咨询工作中参与或调研的大型集团企业财务分析与报告实践。 |
| ● |
| 相关链接 |
|
|
|
正题名:500强企业财务分析实务
索取号:F275.2/L317
 
预约/预借
| 序号 | 登录号 | 条形码 | 馆藏地/架位号 | 状态 | 备注 |
| 1 | 1543950 | 215439504 | 社科库409/409社科库 95排2列4层/ [索取号:F275.2/L317] | 在馆 | |
| 2 | 1543951 | 215439513 | 社科库409/409社科库 95排2列4层/ [索取号:F275.2/L317] | 在馆 |